| 000 | 00343nam a2200145Ia 4500 | ||
|---|---|---|---|
| 003 | OSt | ||
| 008 | 191201s2004 xx 000 0 und d | ||
| 082 |
_a610.28 _bTOB |
||
| 100 | _aTOMPKINS, Willis J | ||
| 245 | 0 | _aBiomedical Digital Signal Processing | |
| 260 |
_aNew Delhi _bPHI _c2004 |
||
| 300 | _a368 | ||
| 650 | _aApplied | ||
| 942 |
_2ddc _cBK |
||
| 999 |
_c2048 _d2048 |
||